ARRUPE JESUIT UNIVERSITY

CORONAVIRUS -STOP THE SPREAD - CLEAN,DISINFECT,COVER

Hegel's reconciliation (Record no. 23295)

MARC details
000 -LEADER
fixed length control field 00576nam a2200217Ia 4500
003 - CONTROL NUMBER IDENTIFIER
control field 0100
005 - DATE AND TIME OF LATEST TRANSACTION
control field 20170823144638.0
008 - FIXED-LENGTH DATA ELEMENTS--GENERAL INFORMATION
fixed length control field 130303s9999 xx 000 0 und d
020 ## - INTERNATIONAL STANDARD BOOK NUMBER
International Standard Book Number 0887060110
040 ## - CATALOGING SOURCE
Transcribing agency ARRUPELIB
050 ## - LIBRARY OF CONGRESS CALL NUMBER
Classification number B929.V47 1985
300 ## - PHYSICAL DESCRIPTION
Other physical details 148p. 23 cm.
100 ## - MAIN ENTRY--PERSONAL NAME
Personal name Verene, Donald Phillip
9 (RLIN) 35091
245 ## - TITLE STATEMENT
Title Hegel's reconciliation
245 ## - TITLE STATEMENT
Remainder of title a study of images in the phenomenology of spirit
260 ## - PUBLICATION, DISTRIBUTION, ETC. (IMPRINT)
Name of publisher, distributor, etc State University of New York Press
Place of publication, distribution, etc Albany
Date of publication, distribution, etc 1985
300 ## - PHYSICAL DESCRIPTION
Extent xiii
440 ## - SERIES STATEMENT/ADDED ENTRY--TITLE
Title SUNY series in Hegelian studies
9 (RLIN) 21061
600 ## - SUBJECT ADDED ENTRY--PERSONAL NAME
Personal name Hegel, Georg Wilhelm Friedrich
Chronological subdivision 1770-1831
9 (RLIN) 35092
650 ## - SUBJECT ADDED ENTRY--TOPICAL TERM
Topical term or geographic name as entry element PHILOSOPHY
9 (RLIN) 35093
650 ## - SUBJECT ADDED ENTRY--TOPICAL TERM
Topical term or geographic name as entry element Spirit Conscience Truth.
General subdivision Metaphor. Irony. Imagination
9 (RLIN) 35094
942 ## - ADDED ENTRY ELEMENTS (KOHA)
Source of classification or shelving scheme Library of Congress Classification
Koha item type Monograph ( Printed materials)
Holdings
Withdrawn status Lost status Source of classification or shelving scheme Damaged status Not for loan Collection code Home library Current library Date acquired Total Checkouts Full call number Barcode Date last seen Date checked out Copy number Price effective from Koha item type
    Library of Congress Classification     Main Collection ARRUPE LIBRARY ARRUPE LIBRARY 04/03/2013 1 B2929.V47 1985 46003010918 08/03/2017 15/02/2017 1 04/03/2013 Monograph ( Printed materials)

 

Arrupe Library. PO Box MP320 Mt Pleasant, Harare, Zimbabwe
263 242 745411|librarian@aju.ac.zw